00532nam a2200157Ia 4500008004100000020001800041082001800059100002900077245006600106250000700172260002700179300001000206650003400216952010700250999001700357120629s9999 xx 000 0 und d a87-7888-612-5 a823.914 R883h aRowling, Joanne Kathleen aHarry Potter y la piedra filosofal / Joanne Kathleen Rowlling a12 aBarcelona : Salamandra a254 p a1. NOVELA INGLESA-SIGLO XXÌ 00104070a15b15d2007-05-25l5o823.914 R883Hp15 001694r2022-10-01s2022-10-01t1w2012-06-28yLB c75905d75905